NUTRITION SCIENCE (Record no. 12077)

MARC details
000 -LEADER
fixed length control field 00259nam a22001217a 4500
003 - CONTROL NUMBER IDENTIFIER
control field SGT
082 ## - DEWEY DECIMAL CLASSIFICATION NUMBER
Classification number 612.3
Item number N16S
100 ## - MAIN ENTRY--PERSONAL NAME
Personal name SRILAKASHMI, B.
245 ## - TITLE STATEMENT
Title NUTRITION SCIENCE
260 ## - PUBLICATION, DISTRIBUTION, ETC. (IMPRINT)
Place of publication, distribution, etc INDIA
Name of publisher, distributor, etc NEW AGE PUB.
Year of Publication 2016
300 ## - PAGE DESCRIPTION
No. of Pages 543
942 ## - ADDED ENTRY ELEMENTS (KOHA)
Source of classification or shelving scheme Dewey Decimal Classification
Koha item type Books
942 ## - ADDED ENTRY ELEMENTS (KOHA)
-- 53
Holdings
Withdrawn status Lost status Source of classification or shelving scheme Damaged status Not for loan Collection code Home library Current library Shelving location Date acquired Vendor Name Cost, normal purchase price SGTU Bill Number Total Checkouts Full call number Accession No. (Barcode) Date last seen Date last borrowed Bill Date Koha item type
    Dewey Decimal Classification     MEDICAL SGT Medical Library SGT Medical Library Text Book 29/06/2017 ABC 399.00 SGTU 8041 46 612.3 N16S FM8601 14/05/2026 14/05/2026 11/04/2017 Books
    Dewey Decimal Classification     MEDICAL SGT Medical Library SGT Medical Library Text Book 29/06/2017 ABC 399.00 SGTU 8041 28 612.3 N16S FM8602 08/01/2024 08/01/2024 11/04/2017 Books
    Dewey Decimal Classification     MEDICAL SGT Medical Library SGT Medical Library Text Book 29/06/2017 ABC 399.00 SGTU 8041 36 612.3 N16S FM8603 04/12/2024 20/11/2024 11/04/2017 Books
    Dewey Decimal Classification     MEDICAL SGT Medical Library SGT Medical Library Text Book 29/06/2017 ABC 399.00 SGTU 8041 10 612.3 N16S FM8604 18/09/2019 07/09/2019 11/04/2017 Books
    Dewey Decimal Classification     MEDICAL SGT Medical Library SGT Medical Library Text Book 29/06/2017 ABC 399.00 SGTU 8041 33 612.3 N16S FM8605 22/09/2025 22/09/2025 11/04/2017 Books